000 00471nam a2200169 i 4500
001 145596
003 ES-MaACL
005 20230906201250.0
007 t|
008 071015s1931 fr ||||1| fre d
100 1 _aVeyrenc, Albert.
_9114241
245 1 0 _aComptabilité pratique et notions de droit fiscal /
_cAlbert Veyrenc.
250 _a2e éd.
260 _aParis :
_bG. Durassié,
_c1931.
300 _a2 v. ;
_c28 cm.
852 _aES-MaACL
_jA-1171 y A-1171 bis
999 _c145596
_d145596